| 000 | 01098nam a2200241 a 4500 | ||
|---|---|---|---|
| 003 | AM-YEHGA | ||
| 005 | 20250618075955.0 | ||
| 008 | 200914s2020 ai ac||fr|||||000|p|arm|| | ||
| 020 | _a9789939110455 | ||
| 040 | _aAM-YeHGA | ||
| 041 | 0 | _aarm | |
| 100 | 1 |
_aԹեքեյան, Վահան Գալուստի, _d1878-1945 _92727 |
|
| 245 | 1 | 0 |
_aԱսուպներ : _bԲանաստեղծություններ / _cԿազմող, առաջաբանի հեղինակ և խմբագիր՝ Ե. Տեր-Խաչատրյան ; «Թեքեյան» մշակութային միություն. |
| 260 |
_aԵրևան : _bԶանգակ-97, _c2020. |
||
| 300 |
_a303 էջ : _bդիմանկար ; _c21 սմ. |
||
| 500 | _aՇապիկին՝ Երվանդ Քոչար. «Բանաստեղծը» (Վահան Թեքեյանի դիմանկարը) : | ||
| 650 | 1 | 4 | _aՀայ պոեզիա |
| 700 | 1 |
_aՏեր-Խաչատրյան, Երվանդ _eկազմող _4com _eառաջաբան _4aui _eխմբագիր _4edt |
|
| 710 | 2 | _a«Թեքեյան» մշակութային միություն | |
| 942 |
_2udc _cBK |
||
| 001 | 1703210 | ||
| 090 | _c518386 | ||
| 999 |
_c514851 _d514851 |
||